Properties and processability of high ammonia latices (Record no. 65967)
[ view plain ]
| 000 -LEADER | |
|---|---|
| fixed length control field | 01259nam a2200133Ia 4500 |
| 100 ## - MAIN ENTRY--AUTHOR NAME | |
| Personal name | Gorton A D T |
| 245 #0 - TITLE STATEMENT | |
| Title | Properties and processability of high ammonia latices |
| 260 ## - PUBLICATION, DISTRIBUTION, ETC. (IMPRINT) | |
| Name of publisher | Journal of Natural Rubber Research |
| Year of publication | 1986 |
| 300 ## - PHYSICAL DESCRIPTION | |
| Number of Pages | 122-134 |
| 520 ## - SUMMARY, ETC. | |
| Summary, etc | A systematic study of the physical and chemical properties of samples of mature commercial natural rubber latex concentrate of the high ammonia variety has been carried out. More than forty parameters were measured on each of twenty latices, enabling the current range of variation in each property to be assessed. In many respects the latices were found to be relatively consistent but signiicantly greater variability was found in their response to the addition of zinc ammine ions. This variability is considered to relate to the variable processing behaviour sometimes observed in the user factories. The results obtained in this study did not reveal any strong relationship of zinc ion sensitivity to any other measured property. It appears, therefore, that sensitivity to zinc ions of high ammonia latex is is determined by a combination of several factors the nature of which remains to be determined. |
| 700 ## - ADDED ENTRY--PERSONAL NAME | |
| Personal name | Pendle T D |
| 942 ## - ADDED ENTRY ELEMENTS (KOHA) | |
| Koha item type | Journals |
| Withdrawn status | Lost status | Damaged status | Not for loan | Home library | Current library | Shelving location | Date acquired | Serial Enumeration / chronology | Koha item type |
|---|---|---|---|---|---|---|---|---|---|
| Journals | RRII Library | RRII Library | Rubber chemistry | 17/12/2021 | Volume 1, Issue 2 | Journals |